Zpracování exhalací a odpadů

Guardado en:
Detalles Bibliográficos
Autores principales: Hoffman, Pavel (Autor), Novák, Václav (Autor)
Formato: Libro
Lenguaje:checo
Publicado: Praha : České vysoké učení technické v Praze, 2002
Edición:2. vyd
Materias:
Etiquetas: Agregar Etiqueta
Sin Etiquetas, Sea el primero en etiquetar este registro!

MARC

LEADER 00000nam a22000003a 4500
001 stu93681
005 20150617225615.0
008 050426s2002----xr------------------cze-d
020 |a 80-01-02439-3 
040 |a STU  |b slo 
041 0 |a cze 
044 |a xr 
080 |a 628.31/.35 
080 |a 628.51/.53 
100 1 |a Hoffman, Pavel  |4 aut 
245 1 |a Zpracování exhalací a odpadů 
250 |a 2. vyd 
260 |a Praha :  |b České vysoké učení technické v Praze,  |c 2002 
300 |a 124 s 
650 7 |a odpadové vody  |2 stusub 
650 7 |a exhalácie  |2 stusub 
700 1 |a Novák, Václav  |4 aut 
996 |b 284M051525  |c M*S-1152-1  |l MMKN  |s A  |a 24  |w stu93681_0001